LEADER 00831ojm 2200241z- 450 001 9910155751103321 005 20230913112557.0 010 $a1-5124-4702-1 035 $a(CKB)3710000000976026 035 $a(BIP)058891944 035 $a(EXLCZ)993710000000976026 100 $a20231107c2017uuuu -u- - 101 0 $aeng 200 10$aAre You Ready for Spring? 210 $cLerner 215 $a1 online resource (32 p.) $cill 330 8 $aThe days are getting warmer. And they're getting longer. Baby birds are hatching. The grass is turning green. Do you know what season is here? It's spring! What else happens in spring? Read this book to find out! 676 $a508.2 700 $aAnderson$b Sheila$01434948 906 $aAUDIO 912 $a9910155751103321 996 $aAre You Ready for Spring$93592040 997 $aUNINA